US State Nicknames Quiz Stats

 Plays Quiz Updated Oct 11, 2018

Score 0/50 Timer 10:00
1 Play Today
State Nickname % Correct
FloridaThe Sunshine State
80.6%
New JerseyThe Garden State
60.2%
CaliforniaThe Golden State
59.9%
GeorgiaThe Peach State
59.3%
TexasThe Lone Star State
59%
DelawareThe First State
58.2%
New YorkThe Empire State
58.1%
MissouriThe Show Me State
56.2%
OhioThe Buckeye State
50.5%
West VirginiaThe Mountain State
48.6%
Hawai'iThe Aloha State
48.6%
IndianaThe Hoosier State
47.4%
WisconsinThe Badger State
47.2%
KentuckyThe Bluegrass State
45.6%
OklahomaThe Sooner State
44.6%
TennesseeThe Volunteer State
44.2%
PennsylvaniaThe Keystone State
43%
NebraskaThe Cornhusker State
42.8%
IllinoisThe Prairie State
42.1%
AlaskaThe Last Frontier
42%
MassachusettsThe Bay State
39.8%
IowaThe Hawkeye State
39.5%
NevadaThe Silver State
39.1%
North CarolinaThe Tar Heel State
37.8%
ConnecticutThe Constitution State
37.7%
State Nickname % Correct
Rhode IslandThe Ocean State
36.6%
ArizonaThe Grand Canyon State
36.5%
VermontThe Green Mountain State
36%
WyomingThe Equality State
35.6%
MichiganThe Great Lakes State
35.4%
New HampshireThe Granite State
33.7%
OregonThe Beaver State
33.4%
New MexicoThe Land of Enchantment
32.9%
South CarolinaThe Palmetto State
32.8%
KansasThe Sunflower State
32.3%
UtahThe Beehive State
31.2%
LouisianaThe Pelican State
31%
AlabamaYellowhammer State
30.9%
IdahoThe Gem State
30.6%
MississippiThe Magnolia State
30%
WashingtonThe Evergreen State
29.5%
ColoradoThe Centennial State
27.5%
VirginiaThe Old Dominion
27.2%
South DakotaMount Rushmore State
27.1%
MaineThe Pine Tree State
27%
ArkansasThe Natural State
26.6%
MarylandThe Old Line State
26.5%
MinnesotaThe North Star State
25.6%
MontanaThe Treasure State
24.4%
North DakotaThe Peace Garden State
21.6%

You're not logged in!

Compare scores with friends on all Sporcle quizzes.
OR
Log In

Sporcle TV

Today on Sporcle TV


Watch our educational content, quiz creation guides, and fun videos on Sporcle TV.

Show Comments

Extras

Top Quizzes Today


Score Distribution

Your Account Isn't Verified!

In order to create a playlist on Sporcle, you need to verify the email address you used during registration. Go to your Sporcle Settings to finish the process.

Report this User

Report this user for behavior that violates our Community Guidelines.

Details: